LEADER 01012nam a2200229 4500 001 000000345604 003 CaOOAMICUS 005 20210503163128.0 008 210428s2018 it 000 u ita r 020 $a978-88-7096-948-1 040 $aSeMil$bita 245 00$aLettere di Giuseppe Verdi a Opprandino Arrivabene /$ca cura di Alessandro Turba. 264 1$aLucca :$bLibreria Musicale Italiana,$c2018. 300 $aXVII, 205 p. ;$c24 cm 650 4$aVerdi, Giuseppe <1813-1901> - Lettere e carteggi.$0(OLS)http://semarc/subject/30240 700 1 $aTurba, Alessandro.$0(OLS)http://semarc/name/113703 850 $aSeMil 852 $aSeMil$W1$xVenegono$y1$m3W VII 11$j226450$B236793$CSeMilBibl$Z2$F236793 $81 996 $6020$a978-88-7096-948-1$9(OLS)http://semarc/number/293011 996 $6245$aLettere di Giuseppe Verdi a Opprandino Arrivabene$9(OLS)http://semarc/title/434739 996 $6264$aLucca :$bLibreria Musicale Italiana$9(OLS)http://semarc/publisher/34812 LEADER 01365nam a2200253 i 4500 001 000000107824 003 CaOOAMICUS 005 20031028000000.0 008 031028n it u000 u ita u 013 $a80344 040 $aSeMil$bita 100 1 $aSeminario di Studio «Nuova evangelizzazione in Sicilia» <1993 ; Capaci>.$0(OLS)http://semarc/name/45369 245 10$a«Nuova evangelizzazione in Sicilia» :$batti del Seminario di studio, Capaci, 2-4 giugno 1993 /$cConferenza Episcopale Siciliana. 260 $a[Italia] :$bFacoltà Teologica di Sicilia,$c[1993?] 300 $a[78] p. ;$c24 cm. 500 $aAltra paginazione : P. 166-238 di «Ho Theológos» 2 (1993). - In cofanetto con «Una presenza per servire» e «Comunione e comunità missionaria». - Fondo Card. C.M. Martini. 650 4$aChiesa - Sicilia - Congressi.$0(OLS)http://semarc/subject/1645 710 0 $aConferenza Episcopale Siciliana.$0(OLS)http://semarc/name/45370 850 $aSeMil 852 $aSeMil$W1$xVenegono$y1$m2F III 30$j63920$B63920$CSeMilBibl$Z2$F78746 $81 941 1 $a4 961 $aOmaggio: Martini Card. Carlo Maria 996 $6245$a«Nuova evangelizzazione in Sicilia» :$batti del Seminario di studio, Capaci, 2-4 giugno 1993$9(OLS)http://semarc/title/156467 996 $6260$a[Italia] :$bFacoltà Teologica di Sicilia$9(OLS)http://semarc/publisher/44943